000 01089nam a2200205 a 4500
008 120416s1959 ||||||||||||||||| || u
050 _aT 57.6 Sas
100 _aFriedman, Lawrence
245 1 0 _aOperations research: methods and problems
260 _aNew York:
_bJohn Wiley and Sons
_c[1959]
300 _axi, 316p. : ill.
350 _a0.00
650 _aRESEARCH COLLABORATION
650 0 _aOPERATIONS RESEARCH
700 _aSasieni, Maurice
995 _D0.00
_FCBU-MAIN LIBRARY (Kitwe)
_H4
_I24.81
_M4
_UAVAILABLE
_ZAnnex Low-Usage Collection
995 _D0.00
_FCBU-MAIN LIBRARY (Kitwe)
_H3
_I24.81
_M2
_UAVAILABLE
_ZAnnex Low-Usage Collection
995 _D0.00
_FCBU-MAIN LIBRARY (Kitwe)
_H2
_I24.81
_M1
_UAVAILABLE
_ZAnnex Low-Usage Collection
995 _D0.00
_FCBU-MAIN LIBRARY (Kitwe)
_H1
_I24.81
_M3
_UAVAILABLE
_ZAnnex Low-Usage Collection
999 _c81602
_d81602